Creación de un portal con PHP y MySQL / (Registro nro. 32662)
[ vista simple ]
| 000 -CABECERA | |
|---|---|
| Longitud fija campo de control | 00821nam a2200253 a 4500 |
| 003 - • IDENTIFICADOR DELl NÚMERO DE CONTROL | |
| Identificador del número de control | CO-ViMGA |
| 005 - • FECHA Y HORA DE LA ÚLTIMA TRANSACCIÓN | |
| Fecha y hora de la última transacción | 20230915232021.0 |
| 008 - • CÓDIGOS DE INFORMACIÓN DE LONGITUD FIJA | |
| Códigos de información de longitud fija | 141112s2004 ck r 000 u spa d |
| 020 ## - • NÚMERO INTERNACIONAL NORMALIZADO PARA LIBROS | |
| Número Internacional Normalizado para Libros (ISBN) | 9786077071105 |
| 040 ## - FUENTE DE LA CATALOGACIÓN | |
| Centro catalogador de origen | CO-ViMGA |
| Lengua de catalogación | spa |
| Centro transcriptor | CO-ViMGA |
| 041 ## - • CÓDIGO DE LENGUA | |
| Código de lengua del texto/banda sonora o título independiente | spa |
| 082 04 - • NÚMERO DE LA CLASIFICACIÓN DECIMAL DEWEY | |
| Número de clasificación (R) | 005.276 P19c |
| 100 1# - • PUNTO DE ACCESO PRINCIPAL-NOMBRE DE PERSONA | |
| Nombre de persona | Pavón Puertas, Jacobo. |
| 245 10 - • TITULO PROPIAMENTE DICHO | |
| Título | Creación de un portal con PHP y MySQL / |
| Mención de responsabilidad, etc. | Jacobo Pavón Puertas. |
| 250 ## - • MENCIÓN DE EDICIÓN | |
| Mención de edición | 4a. ed. |
| 300 ## - • DESCRIPCIÓN FÍSICA | |
| Extensión | 267 p. : il. ; 23 cm. |
| 490 ## - • MENCIÓN DE SERIE | |
| Mención de serie | Navegar en internet |
| 500 ## - • NOTA GENERAL | |
| Nota general | Glosario : p. 256 - 263. |
| 650 14 - • PUNTO DE ACCESO ADICIONAL DE MATERIA - TÉRMINO DE MATERIA | |
| Término de materia o nombre geográfico como elemento inicial | Programación por internet. |
| 852 ## - LOCALIZACIÓN | |
| -- | 0.688.30 |
| 942 ## - ENTRADA DE ELEMENTOS AGREGADOS (KOHA) | |
| Fuente de clasificaión o esquema | Dewey Decimal Classification |
| Koha [por defecto] tipo de item | LIbro |
| Perdido | Fuente de clasificación o esquema | Estado Físico | No para préstamo | Forma de adquisición | Localización permanente | Localización actual | Fecha adquisición | Serie de enumeración / cronolog&íacute;a | Préstamos totales | Renovaciones totales | Signatura completa | Código de barras | Fecha última consulta | Fecha último préstamo | Número de copia | Fecha del precio de reemplazo | Tipo de item de Koha |
|---|---|---|---|---|---|---|---|---|---|---|---|---|---|---|---|---|---|
| Dewey Decimal Classification | Sala Especializada Tercer Piso | Biblioteca Pública Germán Arciniegas - Villavicencio | Biblioteca Pública Germán Arciniegas - Villavicencio | 12/04/2015 | 11/abr/2013 | 6 | 5 | 005.276 P19c | 25721 | 06/16/2022 | 04/03/2019 | Ej. 1 | 12/04/2015 | LIbro |